[Event "Russian Championship (Blitz, Women)"]
[Site "Sochi"]
[Date "2018.10.07"]
[Round "9.5"]
[White "Kashlinskaya, Alina"]
[Black "Tomilova, Elena"]
[Result "0-1"]
[BlackElo "2207"]
[WhiteElo "2369"]
[LiveChessVersion "1.4.8"]

1. d4 {[%clk 0:03:03]} d5 {[%clk 0:03:04]} 2. c4 {[%clk 0:03:05]} c6
{[%clk 0:03:05]} 3. cxd5 {[%clk 0:03:04]} cxd5 {[%clk 0:03:06]} 4. Bg5
{[%clk 0:03:06]} h6 {[%clk 0:03:06]} 5. Bh4 {[%clk 0:03:07]} Qb6 {[%clk 0:03:07]}
6. Nc3 {[%clk 0:02:52]} e5 {[%clk 0:02:56]} 7. Nxd5 {[%clk 0:02:40]} Bb4+
{[%clk 0:02:40]} 8. Nxb4 {[%clk 0:02:39]} Qxb4+ 9. Qd2 Qxd2+ {[%clk 0:02:31]} 10.
Kxd2 {[%clk 0:02:41]} exd4 {[%clk 0:02:32]} 11. Nf3 {[%clk 0:02:42]} Nc6
{[%clk 0:02:32]} 12. Re1 {[%clk 0:02:09]} Be6 {[%clk 0:02:16]} 13. e3
{[%clk 0:02:08]} dxe3+ {[%clk 0:02:02]} 14. Rxe3 {[%clk 0:02:09]} g5
{[%clk 0:01:54]} 15. Bg3 {[%clk 0:02:11]} Rd8+ {[%clk 0:01:45]} 16. Bd3
{[%clk 0:01:24]} Nf6 {[%clk 0:01:45]} 17. Ne5 {[%clk 0:00:56]} O-O
{[%clk 0:01:30]} 18. Nxc6 {[%clk 0:00:56]} bxc6 {[%clk 0:01:31]} 19. Ke2
{[%clk 0:00:24]} Nd5 {[%clk 0:01:22]} 20. Re5 {[%clk 0:00:26]} Rfe8
{[%clk 0:01:19]} 21. a3 {[%clk 0:00:16]} f6 {[%clk 0:01:16]} 22. Re4
{[%clk 0:00:17]} f5 {[%clk 0:01:14]} 23. Re5 {[%clk 0:00:18]} f4 {[%clk 0:01:13]}
24. Re1 {[%clk 0:00:13]} fxg3 {[%clk 0:00:56]} 25. hxg3 {[%clk 0:00:14]} Bf5
{[%clk 0:00:44]} 26. Kd2 {[%clk 0:00:07]} Rxe5 {[%clk 0:00:42]} 27. Rxe5
{[%clk 0:00:08]} Bxd3 {[%clk 0:00:37]} 28. Kxd3 {[%clk 0:00:09]} Kf7
{[%clk 0:00:36]} 29. Kc4 {[%clk 0:00:10]} Kf6 {[%clk 0:00:35]} 30. Re1
{[%clk 0:00:11]} Rb8 {[%clk 0:00:25]} 31. b4 {[%clk 0:00:11]} a5 {[%clk 0:00:21]}
32. bxa5 {[%clk 0:00:12]} Ra8 {[%clk 0:00:22]} 33. Kc5 {[%clk 0:00:12]} Rxa5+
{[%clk 0:00:20]} 34. Kxc6 {[%clk 0:00:13]} Ne7+ {[%clk 0:00:20]} 35. Kd7
{[%clk 0:00:15]} Nf5 {[%clk 0:00:17]} 36. Re6+ {[%clk 0:00:16]} Kf7
{[%clk 0:00:16]} 37. Rb6 {[%clk 0:00:15]} Rxa3 {[%clk 0:00:16]} 38. g4
{[%clk 0:00:16]} Rd3+ {[%clk 0:00:16]} 39. Kc7 {[%clk 0:00:16]} Ne7
{[%clk 0:00:14]} 40. Rxh6 {[%clk 0:00:16]} Rd2 {[%clk 0:00:14]} 41. Rh7+
{[%clk 0:00:13]} Kf6 {[%clk 0:00:14]} 42. Rh8 {[%clk 0:00:11]} Ng6
{[%clk 0:00:12]} 43. Ra8 {[%clk 0:00:10]} Rxf2 {[%clk 0:00:12]} 44. Ra5
{[%clk 0:00:11]} Nh4 {[%clk 0:00:10]} 45. g3 {[%clk 0:00:08]} Ng6
{[%clk 0:00:09]} 46. Kd8 {[%clk 0:00:08]} Ne5 {[%clk 0:00:08]} 47. Ra6+
{[%clk 0:00:08]} Kg7 {[%clk 0:00:08]} 48. Ra5 {[%clk 0:00:09]} Nf7+
{[%clk 0:00:08]} 49. Ke7 {[%clk 0:00:10]} Re2+ {[%clk 0:00:08]} 50. Kd7
{[%clk 0:00:11]} Re3 {[%clk 0:00:09]} 51. Rf5 {[%clk 0:00:10]} Rxg3
{[%clk 0:00:08]} 52. Ke7 {[%clk 0:00:11]} Re3+ {[%clk 0:00:09]} 53. Kd7
{[%clk 0:00:12]} Re4 {[%clk 0:00:10]} 54. Rf1 {[%clk 0:00:12]} Rxg4
{[%clk 0:00:10]} 55. Ke6 {[%clk 0:00:13]} Ra4 {[%clk 0:00:09]} 56. Rxf7+
{[%clk 0:00:13]} Kg6 {[%clk 0:00:10]} 57. Rf8 {[%clk 0:00:09]} g4
{[%clk 0:00:10]} 58. Rg8+ {[%clk 0:00:10]} Kh5 {[%clk 0:00:10]} 59. Ke5
{[%clk 0:00:10]} Kh4 {[%clk 0:00:10]} 60. Kf5 {[%clk 0:00:10]} Kh3
{[%clk 0:00:09]} 61. Rh8+ {[%clk 0:00:08]} Kg2 {[%clk 0:00:07]} 62. Rb8
{[%clk 0:00:08]} g3 {[%clk 0:00:07]} 63. Rb2+ {[%clk 0:00:08]} Kh3
{[%clk 0:00:07]} 64. Rb3 {[%clk 0:00:08]} Kh2 {[%clk 0:00:07]} 0-1

[Event "Russian Championship (Blitz, Women)"]
[Site "Sochi"]
[Date "2018.10.07"]
[Round "9.6"]
[White "Kovanova, Baira"]
[Black "Bodnaruk, Anastasia"]
[Result "0-1"]
[BlackElo "2358"]
[WhiteElo "2205"]
[LiveChessVersion "1.4.8"]

1. c4 {[%clk 0:03:03]} e5 {[%clk 0:03:03]} 2. Nc3 {[%clk 0:03:04]} d6
{[%clk 0:03:03]} 3. g3 {[%clk 0:03:05]} Nc6 {[%clk 0:03:02]} 4. Bg2
{[%clk 0:03:06]} g6 {[%clk 0:03:03]} 5. e4 {[%clk 0:03:06]} Bg7 {[%clk 0:03:04]}
6. d3 {[%clk 0:03:07]} f5 {[%clk 0:03:03]} 7. Nge2 {[%clk 0:02:51]} Nf6
{[%clk 0:03:04]} 8. O-O {[%clk 0:02:44]} O-O {[%clk 0:03:05]} 9. h3
{[%clk 0:02:36]} Be6 {[%clk 0:03:01]} 10. Nd5 {[%clk 0:02:31]} Qd7
{[%clk 0:02:59]} 11. Kh2 {[%clk 0:02:27]} Nd8 {[%clk 0:02:39]} 12. Bg5
{[%clk 0:02:23]} Ne8 {[%clk 0:02:11]} 13. exf5 {[%clk 0:01:38]} gxf5
{[%clk 0:02:10]} 14. f4 {[%clk 0:01:27]} c6 {[%clk 0:01:58]} 15. Ne3
{[%clk 0:01:23]} Nf7 {[%clk 0:01:41]} 16. Bh4 {[%clk 0:01:21]} Nh6
{[%clk 0:01:17]} 17. Qd2 {[%clk 0:01:16]} Nc7 {[%clk 0:01:12]} 18. Rad1
{[%clk 0:01:03]} Kh8 {[%clk 0:01:09]} 19. d4 {[%clk 0:00:54]} e4 {[%clk 0:01:06]}
20. d5 {[%clk 0:00:51]} cxd5 {[%clk 0:01:07]} 21. cxd5 {[%clk 0:00:52]} Bg8
{[%clk 0:01:07]} 22. b3 {[%clk 0:00:37]} Rac8 {[%clk 0:01:01]} 23. Rc1
{[%clk 0:00:34]} Na6 {[%clk 0:00:56]} 24. Nd4 {[%clk 0:00:33]} Nc5
{[%clk 0:00:50]} 25. Bg5 {[%clk 0:00:29]} Nd3 {[%clk 0:00:28]} 26. Rxc8
{[%clk 0:00:25]} Qxc8 {[%clk 0:00:29]} 27. Nb5 {[%clk 0:00:16]} Qd7
{[%clk 0:00:28]} 28. a4 {[%clk 0:00:10]} a6 29. Nd4 {[%clk 0:00:11]} Bxd4
{[%clk 0:00:29]} 30. Bxh6 {[%clk 0:00:12]} Rc8 {[%clk 0:00:28]} 31. Nc2
{[%clk 0:00:10]} Bf6 {[%clk 0:00:25]} 32. Ne1 {[%clk 0:00:10]} Bc3
{[%clk 0:00:24]} 33. Qe2 {[%clk 0:00:10]} Nxe1 {[%clk 0:00:21]} 34. Rxe1 Bxe1
{[%clk 0:00:11]} 35. Qxe1 {[%clk 0:00:12]} Qc7 {[%clk 0:00:12]} 36. Qd1
{[%clk 0:00:14]} Qc3 {[%clk 0:00:10]} 37. Qh5 {[%clk 0:00:14]} Qf6
{[%clk 0:00:09]} 38. Bg5 {[%clk 0:00:14]} Qg6 {[%clk 0:00:09]} 39. Qh4 Rf8 40.
Be7 {[%clk 0:00:12]} Rf7 {[%clk 0:00:12]} 41. g4 {[%clk 0:00:11]} fxg4
{[%clk 0:00:10]} 42. hxg4 {[%clk 0:00:11]} Rxf4 43. g5 {[%clk 0:00:09]} Rxh4+
{[%clk 0:00:11]} 0-1

[Event "Russian Championship (Blitz, Women)"]
[Site "Sochi"]
[Date "2018.10.07"]
[Round "10.5"]
[White "Tomilova, Elena"]
[Black "Kashlinskaya, Alina"]
[Result "0-1"]
[BlackElo "2369"]
[WhiteElo "2207"]
[LiveChessVersion "1.4.8"]

1. d4 {[%clk 0:03:03]} Nf6 {[%clk 0:03:04]} 2. Bf4 {[%clk 0:03:04]} d5
{[%clk 0:03:04]} 3. Nf3 {[%clk 0:03:03]} e6 {[%clk 0:03:05]} 4. e3
{[%clk 0:03:03]} c5 {[%clk 0:03:07]} 5. c3 {[%clk 0:03:04]} Nc6 {[%clk 0:03:08]}
6. Nbd2 {[%clk 0:03:03]} Bd6 {[%clk 0:03:09]} 7. Bg3 {[%clk 0:02:57]} O-O
{[%clk 0:03:10]} 8. Bd3 {[%clk 0:02:56]} b6 {[%clk 0:03:10]} 9. O-O
{[%clk 0:02:54]} Bb7 {[%clk 0:03:10]} 10. Qe2 {[%clk 0:02:52]} Ne7
{[%clk 0:03:00]} 11. Rad1 {[%clk 0:02:46]} Ne4 {[%clk 0:02:27]} 12. Bxd6
{[%clk 0:02:31]} Nxd6 {[%clk 0:02:12]} 13. e4 {[%clk 0:02:27]} cxd4
{[%clk 0:02:13]} 14. Nxd4 {[%clk 0:02:05]} dxe4 {[%clk 0:02:06]} 15. Nxe4
{[%clk 0:02:04]} Nxe4 {[%clk 0:02:02]} 16. Bxe4 {[%clk 0:02:05]} Bxe4
{[%clk 0:02:02]} 17. Qxe4 {[%clk 0:02:06]} Qc7 {[%clk 0:01:59]} 18. Rfe1
{[%clk 0:01:55]} Rad8 {[%clk 0:01:52]} 19. h3 {[%clk 0:01:50]} h6
{[%clk 0:01:51]} 20. Rd3 {[%clk 0:01:38]} Nd5 {[%clk 0:01:20]} 21. Rg3
{[%clk 0:01:27]} Nf6 {[%clk 0:01:21]} 22. Qh4 {[%clk 0:01:23]} Rd5
{[%clk 0:01:22]} 23. Ree3 {[%clk 0:01:18]} Kh8 {[%clk 0:01:17]} 24. Rgf3
{[%clk 0:01:13]} Rh5 {[%clk 0:01:04]} 25. Qg3 {[%clk 0:01:05]} Qxg3
{[%clk 0:01:04]} 26. Rxg3 {[%clk 0:01:03]} Rd8 {[%clk 0:00:54]} 27. Rd3
{[%clk 0:00:57]} Ne4 {[%clk 0:00:45]} 28. Rge3 {[%clk 0:00:58]} Nc5
{[%clk 0:00:46]} 29. Rd2 {[%clk 0:00:55]} Rhd5 {[%clk 0:00:41]} 30. Rde2
{[%clk 0:00:51]} Na4 {[%clk 0:00:38]} 31. f4 {[%clk 0:00:47]} R8d7
{[%clk 0:00:36]} 32. g4 {[%clk 0:00:46]} Kg8 {[%clk 0:00:34]} 33. Kg2
{[%clk 0:00:45]} b5 {[%clk 0:00:34]} 34. a3 {[%clk 0:00:43]} a6 {[%clk 0:00:34]}
35. f5 {[%clk 0:00:42]} exf5 {[%clk 0:00:31]} 36. Nxf5 {[%clk 0:00:43]} Rd2
{[%clk 0:00:31]} 37. Re8+ {[%clk 0:00:28]} Kh7 {[%clk 0:00:32]} 38. Kf3
{[%clk 0:00:20]} Rxb2 {[%clk 0:00:30]} 39. Ra8 {[%clk 0:00:18]} Rd3+
{[%clk 0:00:29]} 40. Re3 {[%clk 0:00:17]} Rxc3 {[%clk 0:00:22]} 41. Rxa6
{[%clk 0:00:16]} Rbb3 {[%clk 0:00:22]} 42. Ra7 {[%clk 0:00:08]} Rxe3+ 43. Nxe3
{[%clk 0:00:09]} f6 {[%clk 0:00:09]} 44. Rb7 {[%clk 0:00:07]} Nc5
{[%clk 0:00:11]} 45. Rb6 {[%clk 0:00:06]} Nd3 {[%clk 0:00:09]} 46. h4
{[%clk 0:00:04]} Ne5+ {[%clk 0:00:11]} 47. Kf4 {[%clk 0:00:05]} g5+
{[%clk 0:00:07]} 48. hxg5 {[%clk 0:00:05]} hxg5+ {[%clk 0:00:08]} 49. Ke4
{[%clk 0:00:06]} Kg6 {[%clk 0:00:07]} 50. Nd5 {[%clk 0:00:07]} Nxg4
{[%clk 0:00:09]} 51. Kd4 {[%clk 0:00:06]} Rxa3 {[%clk 0:00:09]} 52. Rxb5
{[%clk 0:00:07]} Ne5 {[%clk 0:00:09]} 53. Rb6 {[%clk 0:00:08]} Ra4+
{[%clk 0:00:10]} 54. Ke3 {[%clk 0:00:09]} Nc4+ {[%clk 0:00:11]} 55. Kd4 0-1

[Event "Russian Championship (Blitz, Women)"]
[Site "Sochi"]
[Date "2018.10.07"]
[Round "10.6"]
[White "Bodnaruk, Anastasia"]
[Black "Kovanova, Baira"]
[Result "1-0"]
[BlackElo "2205"]
[WhiteElo "2358"]
[LiveChessVersion "1.4.8"]

1. e4 {[%clk 0:03:03]} e5 {[%clk 0:03:03]} 2. Nf3 {[%clk 0:03:05]} Nc6
{[%clk 0:03:04]} 3. Bb5 {[%clk 0:03:06]} a6 {[%clk 0:03:06]} 4. Ba4
{[%clk 0:03:07]} Nge7 {[%clk 0:03:03]} 5. c3 {[%clk 0:03:06]} g6 {[%clk 0:03:04]}
6. d4 {[%clk 0:03:06]} exd4 {[%clk 0:03:05]} 7. cxd4 {[%clk 0:03:08]} b5
{[%clk 0:03:06]} 8. Bc2 {[%clk 0:02:59]} d6 {[%clk 0:03:06]} 9. h3
{[%clk 0:02:55]} Bg7 {[%clk 0:03:06]} 10. O-O {[%clk 0:02:56]} O-O
{[%clk 0:03:05]} 11. Nc3 {[%clk 0:02:56]} Na5 {[%clk 0:02:46]} 12. b3
{[%clk 0:02:38]} c5 {[%clk 0:02:44]} 13. Bb2 {[%clk 0:02:37]} cxd4
{[%clk 0:02:24]} 14. Nxd4 {[%clk 0:02:36]} Bb7 {[%clk 0:02:23]} 15. Re1
{[%clk 0:02:15]} Rc8 {[%clk 0:01:55]} 16. Qd2 {[%clk 0:02:11]} Nac6
{[%clk 0:01:09]} 17. Nce2 {[%clk 0:01:53]} Nxd4 {[%clk 0:01:03]} 18. Bxd4
{[%clk 0:01:52]} Bxd4 19. Nxd4 {[%clk 0:01:53]} d5 {[%clk 0:00:50]} 20. e5
{[%clk 0:01:50]} Nc6 {[%clk 0:00:44]} 21. Nf3 {[%clk 0:01:35]} Qe7
{[%clk 0:00:42]} 22. Bd3 {[%clk 0:01:08]} Rfd8 {[%clk 0:00:36]} 23. Rad1
{[%clk 0:01:06]} Nb4 {[%clk 0:00:36]} 24. Bb1 {[%clk 0:01:07]} Nc6
{[%clk 0:00:30]} 25. Qh6 {[%clk 0:01:07]} Qf8 {[%clk 0:00:27]} 26. Qh4
{[%clk 0:01:07]} Qe7 {[%clk 0:00:28]} 27. Qh6 {[%clk 0:01:03]} Qf8
{[%clk 0:00:28]} 28. Qf4 {[%clk 0:01:04]} Ne7 {[%clk 0:00:24]} 29. Nd4
{[%clk 0:01:03]} Qg7 {[%clk 0:00:18]} 30. Re3 {[%clk 0:01:00]} Nc6
{[%clk 0:00:19]} 31. Nf5 {[%clk 0:00:52]} Qf8 {[%clk 0:00:17]} 32. Nh6+
{[%clk 0:00:52]} Kg7 {[%clk 0:00:14]} 33. Rf3 {[%clk 0:00:36]} f5
{[%clk 0:00:10]} 34. exf6+ {[%clk 0:00:36]} Kh8 {[%clk 0:00:11]} 35. Ng4
{[%clk 0:00:20]} d4 {[%clk 0:00:11]} 36. Bd3 {[%clk 0:00:14]} Qf7
{[%clk 0:00:12]} 37. Nh6 {[%clk 0:00:15]} Qf8 {[%clk 0:00:13]} 38. f7
{[%clk 0:00:15]} Qg7 {[%clk 0:00:14]} 39. Re1 {[%clk 0:00:13]} Nb4
{[%clk 0:00:14]} 40. Rg3 {[%clk 0:00:10]} Nd5 {[%clk 0:00:15]} 41. Qg5
{[%clk 0:00:10]} Rf8 {[%clk 0:00:15]} 42. Be4 {[%clk 0:00:09]} Rcd8
{[%clk 0:00:15]} 43. Bd3 {[%clk 0:00:05]} Nb4 {[%clk 0:00:16]} 44. Bb1
{[%clk 0:00:07]} d3 {[%clk 0:00:17]} 45. Rd1 {[%clk 0:00:08]} d2 {[%clk 0:00:17]}
46. Rxd2 {[%clk 0:00:07]} Rxd2 47. Qxd2 {[%clk 0:00:09]} Qa1 {[%clk 0:00:17]} 48.
Kh2 {[%clk 0:00:10]} Nd5 {[%clk 0:00:16]} 49. Be4 {[%clk 0:00:08]} Qe5
{[%clk 0:00:17]} 50. Bxd5 {[%clk 0:00:06]} Bxd5 {[%clk 0:00:17]} 51. f4
{[%clk 0:00:06]} Qg7 {[%clk 0:00:08]} 52. Nf5 {[%clk 0:00:05]} Qxf7
{[%clk 0:00:09]} 53. Qd4+ {[%clk 0:00:07]} Qf6 {[%clk 0:00:10]} 54. Qxd5
{[%clk 0:00:06]} Qxf5 {[%clk 0:00:09]} 55. Qd4+ {[%clk 0:00:06]} Qf6
{[%clk 0:00:10]} 56. Rd3 {[%clk 0:00:06]} Kg7 {[%clk 0:00:10]} 57. g3
{[%clk 0:00:05]} Rf7 {[%clk 0:00:10]} 58. Qxf6+ {[%clk 0:00:06]} Rxf6 59. Kg2 Rc6
{[%clk 0:00:10]} 60. Rd2 {[%clk 0:00:09]} Kf6 {[%clk 0:00:10]} 61. Kf3
{[%clk 0:00:09]} Rc3+ {[%clk 0:00:11]} 62. Kf2 {[%clk 0:00:08]} Rc6
{[%clk 0:00:12]} 63. g4 {[%clk 0:00:10]} h5 {[%clk 0:00:12]} 64. Kg2
{[%clk 0:00:08]} hxg4 {[%clk 0:00:13]} 65. hxg4 {[%clk 0:00:09]} Re6
{[%clk 0:00:12]} 66. Kf3 {[%clk 0:00:10]} Rc6 {[%clk 0:00:15]} 67. Rd3
{[%clk 0:00:12]} b4 {[%clk 0:00:13]} 68. Rd4 {[%clk 0:00:11]} a5 {[%clk 0:00:10]}
69. Rd5 {[%clk 0:00:12]} Ra6 {[%clk 0:00:12]} 70. Rb5 {[%clk 0:00:13]} Ke6
{[%clk 0:00:11]} 71. Ke4 {[%clk 0:00:14]} Kf6 {[%clk 0:00:12]} 72. g5+
{[%clk 0:00:13]} Ke6 {[%clk 0:00:13]} 73. Rb8 {[%clk 0:00:07]} Ke7
{[%clk 0:00:11]} 74. Rb7+ {[%clk 0:00:07]} Kd8 {[%clk 0:00:08]} 75. f5
{[%clk 0:00:07]} gxf5+ {[%clk 0:00:08]} 76. Kxf5 {[%clk 0:00:08]} Ke8
{[%clk 0:00:09]} 77. g6 {[%clk 0:00:08]} Kf8 {[%clk 0:00:10]} 78. Kg5
{[%clk 0:00:09]} Rd6 {[%clk 0:00:08]} 79. Kh6 {[%clk 0:00:09]} Rd1
{[%clk 0:00:08]} 80. g7+ {[%clk 0:00:10]} 1-0

[Event "Russian Championship (Blitz, Women)"]
[Site "Sochi"]
[Date "2018.10.07"]
[Round "10.10"]
[White "Kabanova, Ekaterina"]
[Black "Bivol, Alina"]
[Result "1-0"]
[BlackElo "2217"]
[WhiteElo "2074"]
[LiveChessVersion "1.4.8"]

1. c4 {[%clk 0:03:03]} Nf6 {[%clk 0:03:03]} 2. Nf3 {[%clk 0:03:03]} g6
{[%clk 0:03:04]} 3. b3 {[%clk 0:03:04]} Bg7 {[%clk 0:03:04]} 4. Bb2
{[%clk 0:03:06]} O-O {[%clk 0:03:04]} 5. e3 {[%clk 0:03:06]} c6 {[%clk 0:02:52]}
6. Be2 {[%clk 0:02:59]} d5 {[%clk 0:02:53]} 7. d3 {[%clk 0:02:59]} Re8
{[%clk 0:02:45]} 8. Qc2 {[%clk 0:03:00]} Nbd7 {[%clk 0:02:45]} 9. Nbd2
{[%clk 0:03:01]} e5 {[%clk 0:02:45]} 10. Rc1 {[%clk 0:03:02]} e4 {[%clk 0:02:35]}
11. dxe4 {[%clk 0:03:03]} dxe4 {[%clk 0:02:29]} 12. Nd4 {[%clk 0:02:49]} Nc5
{[%clk 0:02:16]} 13. b4 {[%clk 0:02:45]} Nd3+ {[%clk 0:02:17]} 14. Bxd3
{[%clk 0:02:42]} exd3 {[%clk 0:02:18]} 15. Qxd3 {[%clk 0:02:41]} a5
{[%clk 0:02:19]} 16. a3 {[%clk 0:02:14]} axb4 {[%clk 0:02:20]} 17. axb4
{[%clk 0:02:15]} b6 {[%clk 0:02:05]} 18. c5 {[%clk 0:02:11]} bxc5
{[%clk 0:02:00]} 19. bxc5 {[%clk 0:02:11]} Ng4 {[%clk 0:01:39]} 20. O-O
{[%clk 0:02:03]} Qc7 {[%clk 0:01:40]} 21. g3 {[%clk 0:01:32]} Ne5
{[%clk 0:01:41]} 22. Qc2 {[%clk 0:01:21]} Ba6 {[%clk 0:01:42]} 23. Rfd1
{[%clk 0:01:21]} Reb8 {[%clk 0:01:10]} 24. Ra1 {[%clk 0:01:11]} Bd3
{[%clk 0:01:08]} 25. Qc3 {[%clk 0:01:06]} Rxa1 {[%clk 0:01:02]} 26. Rxa1
{[%clk 0:01:05]} Bb5 {[%clk 0:00:46]} 27. Qc2 {[%clk 0:00:55]} h5
{[%clk 0:00:42]} 28. h4 {[%clk 0:00:55]} Ng4 {[%clk 0:00:36]} 29. N2f3
{[%clk 0:00:48]} Rd8 {[%clk 0:00:17]} 30. Nxb5 {[%clk 0:00:48]} cxb5
{[%clk 0:00:19]} 31. Bxg7 {[%clk 0:00:49]} Kxg7 {[%clk 0:00:20]} 32. Qb2+
{[%clk 0:00:50]} Kg8 {[%clk 0:00:17]} 33. Qxb5 {[%clk 0:00:48]} Nxe3
{[%clk 0:00:16]} 34. Qb6 {[%clk 0:00:46]} Qe7 {[%clk 0:00:06]} 35. fxe3
{[%clk 0:00:43]} Qxe3+ {[%clk 0:00:08]} 36. Kg2 {[%clk 0:00:40]} Qe2+
{[%clk 0:00:09]} 37. Kh3 {[%clk 0:00:41]} Rd3 {[%clk 0:00:09]} 38. Ra8+
{[%clk 0:00:37]} Kg7 {[%clk 0:00:09]} 39. c6 {[%clk 0:00:09]} Qf1+
{[%clk 0:00:06]} 40. Kh2 {[%clk 0:00:09]} Qxf3 {[%clk 0:00:06]} 41. Qb2+
{[%clk 0:00:10]} 1-0

[Event "Russian Championship (Blitz, Women)"]
[Site "Sochi"]
[Date "2018.10.07"]
[Round "11.2"]
[White "Vinokur, Yuliya"]
[Black "Bodnaruk, Anastasia"]
[Result "0-1"]
[BlackElo "2358"]
[WhiteElo "2044"]
[LiveChessVersion "1.4.8"]

1. d4 {[%clk 0:03:02]} Nf6 {[%clk 0:03:04]} 2. c4 {[%clk 0:03:03]} g6
{[%clk 0:03:05]} 3. Nc3 {[%clk 0:03:03]} Bg7 {[%clk 0:03:06]} 4. e4 d6 5. Nf3
{[%clk 0:03:05]} O-O {[%clk 0:03:09]} 6. Be2 e5 7. d5 {[%clk 0:03:06]} a5
{[%clk 0:03:10]} 8. Bg5 {[%clk 0:03:06]} h6 {[%clk 0:03:10]} 9. Bh4
{[%clk 0:03:07]} Na6 {[%clk 0:03:07]} 10. Nd2 {[%clk 0:03:08]} Qe8
{[%clk 0:02:59]} 11. O-O {[%clk 0:03:00]} Nh7 {[%clk 0:02:39]} 12. Rb1
{[%clk 0:02:56]} f5 {[%clk 0:02:39]} 13. f3 {[%clk 0:02:57]} h5 {[%clk 0:02:35]}
14. a3 {[%clk 0:02:52]} Bh6 {[%clk 0:02:26]} 15. Bf2 {[%clk 0:02:41]} a4
{[%clk 0:02:23]} 16. b4 {[%clk 0:02:33]} axb3 {[%clk 0:02:20]} 17. Nxb3
{[%clk 0:02:33]} b6 {[%clk 0:02:16]} 18. Nb5 {[%clk 0:02:26]} Nf6
{[%clk 0:01:58]} 19. Qc2 {[%clk 0:02:11]} f4 {[%clk 0:01:41]} 20. a4
{[%clk 0:01:30]} g5 {[%clk 0:01:28]} 21. a5 {[%clk 0:01:24]} bxa5
{[%clk 0:01:28]} 22. Nxa5 {[%clk 0:01:24]} Qg6 {[%clk 0:01:24]} 23. Nc6
{[%clk 0:01:07]} Kh8 {[%clk 0:01:12]} 24. Ne7 {[%clk 0:00:59]} Qg7
{[%clk 0:01:11]} 25. Nxc8 {[%clk 0:01:00]} Raxc8 {[%clk 0:01:09]} 26. c5
{[%clk 0:00:52]} g4 {[%clk 0:00:57]} 27. Kh1 {[%clk 0:00:51]} g3 {[%clk 0:00:54]}
28. Bg1 {[%clk 0:00:52]} gxh2 {[%clk 0:00:55]} 29. Bf2 {[%clk 0:00:53]} Rg8
{[%clk 0:00:55]} 30. g3 {[%clk 0:00:33]} fxg3 {[%clk 0:00:56]} 0-1

[Event "Russian Championship (Blitz, Women)"]
[Site "Sochi"]
[Date "2018.10.07"]
[Round "11.7"]
[White "Diakonova, Ekaterina"]
[Black "Kashlinskaya, Alina"]
[Result "0-1"]
[BlackElo "2369"]
[WhiteElo "2065"]
[LiveChessVersion "1.4.8"]

1. e4 {[%clk 0:03:03]} e6 {[%clk 0:03:04]} 2. d4 {[%clk 0:03:03]} d5
{[%clk 0:03:05]} 3. Nd2 {[%clk 0:03:04]} c5 {[%clk 0:03:04]} 4. Ngf3
{[%clk 0:03:02]} Nc6 {[%clk 0:03:05]} 5. Bb5 {[%clk 0:02:31]} cxd4
{[%clk 0:03:01]} 6. Nxd4 {[%clk 0:02:30]} Bd7 {[%clk 0:03:02]} 7. Bxc6
{[%clk 0:02:06]} bxc6 {[%clk 0:03:03]} 8. e5 {[%clk 0:02:07]} Qc7
{[%clk 0:02:56]} 9. f4 {[%clk 0:01:57]} Nh6 {[%clk 0:02:41]} 10. O-O c5 11. N4f3
{[%clk 0:01:42]} Nf5 {[%clk 0:02:44]} 12. Nb3 {[%clk 0:01:35]} a5
{[%clk 0:02:45]} 13. a4 {[%clk 0:01:28]} Qb6 {[%clk 0:02:33]} 14. Kh1
{[%clk 0:01:26]} h5 {[%clk 0:02:23]} 15. c4 {[%clk 0:00:52]} dxc4
{[%clk 0:02:11]} 16. Nbd2 {[%clk 0:00:53]} Ne3 {[%clk 0:02:12]} 17. Qe2
{[%clk 0:00:55]} Nxf1 {[%clk 0:02:12]} 18. Nxc4 {[%clk 0:00:56]} Qb7
{[%clk 0:01:34]} 19. Qxf1 Bc6 20. Be3 {[%clk 0:00:48]} Be7 {[%clk 0:01:33]} 21.
Rd1 {[%clk 0:00:36]} O-O {[%clk 0:01:32]} 22. Rd2 {[%clk 0:00:31]} Bxa4
{[%clk 0:01:32]} 23. Ng5 {[%clk 0:00:31]} Bb5 {[%clk 0:01:21]} 24. b3 a4 25. Qd1
{[%clk 0:00:29]} axb3 {[%clk 0:01:17]} 26. Qxh5 {[%clk 0:00:30]} Bxg5
{[%clk 0:01:18]} 27. Nd6 {[%clk 0:00:31]} Ra1+ {[%clk 0:01:09]} 28. Bg1
{[%clk 0:00:32]} Qa6 {[%clk 0:00:47]} 29. fxg5 {[%clk 0:00:30]} Bd3
{[%clk 0:00:41]} 30. Rf2 {[%clk 0:00:24]} Rxg1+ {[%clk 0:00:38]} 31. Kxg1
{[%clk 0:00:25]} Qa1+ {[%clk 0:00:39]} 0-1

[Event "Russian Championship (Blitz, Women)"]
[Site "Sochi"]
[Date "2018.10.07"]
[Round "11.9"]
[White "Vasilevich, Irina"]
[Black "Protopopova, Anastasiya"]
[Result "1-0"]
[BlackElo "2030"]
[WhiteElo "2160"]
[LiveChessVersion "1.4.8"]

1. b3 {[%clk 0:03:02]} d5 {[%clk 0:03:01]} 2. Bb2 {[%clk 0:03:03]} Bf5
{[%clk 0:03:01]} 3. d3 {[%clk 0:03:03]} e6 {[%clk 0:03:00]} 4. e3
{[%clk 0:03:04]} Nf6 {[%clk 0:02:59]} 5. Be2 {[%clk 0:03:05]} Bd6
{[%clk 0:02:57]} 6. Nd2 {[%clk 0:03:06]} O-O {[%clk 0:02:42]} 7. g4
{[%clk 0:03:06]} Bg6 {[%clk 0:02:40]} 8. h4 {[%clk 0:03:07]} h6 {[%clk 0:01:59]}
9. g5 {[%clk 0:03:07]} hxg5 {[%clk 0:01:49]} 10. hxg5 {[%clk 0:03:08]} Nh7
{[%clk 0:01:44]} 11. f4 {[%clk 0:03:08]} Re8 {[%clk 0:01:33]} 12. Bh5
{[%clk 0:03:05]} Nf8 {[%clk 0:01:25]} 13. Bxg6 {[%clk 0:02:42]} fxg6
{[%clk 0:01:15]} 14. Ngf3 {[%clk 0:02:37]} Nbd7 {[%clk 0:01:10]} 15. Qe2
{[%clk 0:02:23]} e5 {[%clk 0:01:11]} 16. Qh2 {[%clk 0:02:11]} Qe7
{[%clk 0:00:56]} 17. O-O-O {[%clk 0:02:08]} Ba3 {[%clk 0:00:50]} 18. fxe5
{[%clk 0:02:00]} Bxb2+ {[%clk 0:00:49]} 19. Kxb2 {[%clk 0:02:01]} Nxe5
{[%clk 0:00:37]} 20. Rdf1 {[%clk 0:01:34]} Nf7 {[%clk 0:00:30]} 21. e4
{[%clk 0:01:19]} a5 {[%clk 0:00:28]} 22. exd5 {[%clk 0:01:05]} a4
{[%clk 0:00:27]} 23. Re1 {[%clk 0:00:59]} Qb4 {[%clk 0:00:25]} 24. c3
{[%clk 0:00:41]} Qc5 {[%clk 0:00:21]} 25. Rxe8 {[%clk 0:00:35]} Rxe8
{[%clk 0:00:20]} 26. d4 {[%clk 0:00:17]} Qxd5 {[%clk 0:00:20]} 27. Ne5
{[%clk 0:00:18]} Nxe5 {[%clk 0:00:18]} 28. Qh8+ {[%clk 0:00:19]} Kf7
{[%clk 0:00:19]} 29. Rf1+ {[%clk 0:00:19]} Ke7 {[%clk 0:00:15]} 30. Qxg7+
{[%clk 0:00:18]} Kd8 {[%clk 0:00:15]} 31. Rxf8 {[%clk 0:00:17]} Nd3+
{[%clk 0:00:10]} 32. Kc2 {[%clk 0:00:18]} Ne1+ {[%clk 0:00:11]} 33. Kd1
{[%clk 0:00:15]} Nd3 {[%clk 0:00:07]} 34. Rxe8+ {[%clk 0:00:11]} Kxe8
{[%clk 0:00:08]} 35. Qxg6+ {[%clk 0:00:12]} Kd7 {[%clk 0:00:09]} 36. Qxd3
{[%clk 0:00:13]} axb3 {[%clk 0:00:10]} 37. axb3 {[%clk 0:00:14]} Qh1+
{[%clk 0:00:10]} 38. Kc2 {[%clk 0:00:16]} Qg1 {[%clk 0:00:11]} 39. Qf5+
{[%clk 0:00:16]} Kd8 {[%clk 0:00:12]} 40. Qf6+ {[%clk 0:00:16]} Kc8
{[%clk 0:00:13]} 41. g6 {[%clk 0:00:17]} b5 {[%clk 0:00:13]} 42. g7
{[%clk 0:00:17]} Kb7 {[%clk 0:00:14]} 43. Qf7 {[%clk 0:00:16]} 1-0